Alphabetical Word Chain - Statistics

General Stats
  • This quiz has been taken 21,824 times
    17,604 since last reset
  • The average score is 16 of 26
Answer Stats
Hint Answer % Correct
Used to take pictures of bones through the skin X-Ray
89%
To cross the street illegally Jaywalk
87%
Someone who gives up Quitter
86%
Describes a temperature below 0° Celsius Freezing
85%
To promise Vow
85%
Distance from centre to edge Radius
84%
Word following Brussels or bean Sprout
84%
Island-sharing nation Haiti
81%
Molecule in the brain often involved with addiction Dopamine
80%
To wake up too late Oversleep
78%
Deep wound Gash
76%
A fear of animals Zoophobia
75%
Eaten by blue whales Krill
73%
As a verb, this can be done lyrically Wax
71%
Initialised form of light U.V.
69%
Literary sea captain Ahab
61%
It keeps part of the head warm Earmuff
58%
Bean curd Tofu
53%
Type of floor covering Linoleum
51%
Instrument resembling a lute Mandolin
51%
Term for a group of nations Bloc
48%
Leafy green vegetable Chard
45%
Trillions of this subatomic particle pass through you every second Neutrino
34%
Fool in Yiddish Yutz
23%
A bay in North Holland; Amsterdam's waterfront IJ
15%
Otherwise known as Arctic hysteria Pibloktoq
4%
No matching quizzes found
Score Distribution
Percent of People with Each Score
Percentile by Number Answered
Your Score History
You have not taken this quiz since the last reset